000 00794cab a2200241 4500
001 WB3031-24
008 090401t1994 xxu||||| |||| 00| 0 eng d
035 _a(Sirsi) u30062
041 _aeng
245 _aHistoric buildings stripped of stone
260 _c1994
350 _a0
490 _aYorkshire Post
_v10 August 1994, 8(1)
520 _aThe last five years have seen a dramatic increase in the theft of stone from listed buildings and ancient monuments in Yorkshire to furnish materials for conservation work in other parts of the country.
650 _aARCHITECTURAL THEFT
650 _aBUILT ENVIRONMENT-BUILDING MATERIALS
650 _aBUILDING STONE
650 _aFLAGSTONES
650 _aRESTORATION
690 _aCONSERVATION
942 _n0
948 _c04/03/1997
999 _c20238
_d20238